00297nam a22001097a 4500008004100000020001900041082001100060100003700071245001800108260005200126300000900178260601b |||||||| |||| 00| 0 eng d a978-9381275405 a001925 aChaturvedi ,Pradeepasimhacharya. aGitabhashyam  aBangalorebPoorna Prajna Samshodhan Trustc2014 a892p